000 00291nam a22001337a 4500
008 170404b xxu||||| |||| 00| 0 eng d
020 _a0123570301
041 _aeng
080 _a574
100 _a9
101 _aSHM
245 _aBILOGICAL CONTROL AGRICULTURAL
_cHOY.M.A
942 _2udc
_cBK
999 _c9607
_d9607